000 00558nam a2200181Ia 4500
008 090124s9999 xx 000 0 und d
082 _b120576
100 _aरांगणेकर कुमुदिनी
245 _a देखणा बहाणा
250 _a1
260 _c1984
300 _a216
600 _aरांगणेकर कुमुदिनी
630 _a देखणा बहाणा
700 _aरांगणेकर कुमुदिनी
730 _a देखणा बहाणा
942 _cBOOK
999 _c166662
_d166662